[Event "Minneapolis HB Global op"]
[Site "Minneapolis"]
[Date "2005.05.21"]
[Round "7"]
[White "Novikov, Igor A"]
[Black "Burnett, Ronald"]
[Result "1-0"]
[WhiteElo "2589"]
[BlackElo "2433"]
[Annotator "Ftacnik,L"]
[PlyCount "89"]
[EventDate "2005.05.18"]
[EventType "swiss"]
[EventRounds "9"]
[EventCountry "USA"]
[SourceTitle "CBM 107"]
[Source "ChessBase"]
[SourceDate "2005.08.01"]
[SourceVersion "1"]
[SourceVersionDate "2005.08.01"]
[SourceQuality "1"]

1. d4 Nf6 2. c4 e6 3. Nf3 b6 4. g3 Bb7 5. Bg2 Be7 6. O-O O-O 7. Re1 d5 8. cxd5
exd5 9. Nc3 Na6 10. b3 c5 11. Bb2 Nc7 12. Rc1 Ne6 (12... Rc8 13. e3 Re8 14. Na4
Ne6 15. Ba3 c4 16. Bxe7 Qxe7 17. bxc4 dxc4 18. Nc3 a6 19. a4 Ne4 20. Nxe4 Bxe4
21. Ne5 {1/2-1/2 Ortmann,D-Pribyl,J/Schwaebisch Gmuend 1999/ (49)}) (12... Re8
13. e3 Qd7 14. Re2 Rad8 15. dxc5 bxc5 16. Na4 c4 17. bxc4 dxc4 18. Qxd7 Rxd7
19. Ne5 Rd5 20. Bxd5 Ncxd5 21. Nxc4 {1-0 Mohamed,H-Al Shameah,G/Beirut 2000/ 
(34)}) 13. e3 Ne4 {Black manages to keep balance in this line as white pieces
are well developed but lack real access to the center.} (13... Re8 14. Ne2 (14.
Rc2 Rc8 15. Bh3 Rb8 16. Bxe6 fxe6 17. Qa1 c4 18. bxc4 dxc4 19. e4 Bb4 20. Rce2
Rf8 {0-1 Arkeles,D-Siamidis,D/Iraklio 2002/ (40)}) 14... Ne4 15. Rc2 Ba6 16.
Nc3 Rc8 17. dxc5 N6xc5 18. Bf1 Bxf1 19. Rxf1 Nxc3 20. Bxc3 Ne4 21. Bb2 Bc5 {
1/2-1/2 Gavrikov,V-Almasi,Z/Germany 1998/ (47)}) 14. Ne5 (14. dxc5 bxc5 15. Ne5
$14) 14... Bf6 (14... Bd6 15. Nc4 Be7 16. dxc5 N6xc5 17. Ne5 $14) 15. Ne2 Re8
16. Nf4 (16. Ng4 h5 17. Nxf6+ Qxf6 18. f3 $11) 16... cxd4 {Burnett refuses to
play a bit twisted pawn structure and rather relays on the symmetry.} (16...
Nxf4 17. exf4 Rc8 18. dxc5 bxc5 19. Bh3 $13) 17. Nxe6 Rxe6 (17... fxe6 18. exd4
$14) 18. exd4 Re8 (18... Rc8 19. Bh3 Rxc1 20. Bxc1 Re8 $11) 19. Re2 Rc8 20.
Rec2 Qe7 (20... Rxc2 21. Qxc2 Bg5 22. f4 Be7 23. Qc7 Qc8 $14) 21. h4 g6 22. Bh3
Rxc2 23. Qxc2 Bxe5 $2 {[%mdl 16384] Novikov has maanged to get some advantage
and the problems were mounting, but opening the a1-h8 diagonal is hardly a
solution.} (23... Nd6 24. Qc7 Nb5 25. Qxe7 Rxe7 26. Bf1 $1 Nxd4 27. Bxd4 Bxe5
28. Bxe5 Rxe5 29. Rc7 $18) (23... Kg7 24. Qc7 Ba6 25. Ba3 $14) (23... Ba6 24.
Qc6 Rd8 25. Qc7 Re8 26. Qd7 $14) 24. dxe5 Nc5 (24... f5 25. exf6 Nxf6 26. Qc3
$16) 25. Qc3 (25. Kh2 Ne6 26. Qd1 Rd8 27. Bd4 Nxd4 28. Qxd4 Re8 29. f4 $16)
25... d4 $2 (25... Ne6 $14) 26. Qxd4 Rd8 27. Qb4 (27. Qc3 Nd3 28. Rf1 Nxb2 29.
Qxb2 Qb4 $14) 27... Qe8 28. e6 {White's move is not bad, but he had also very
attractive and tricky move in 28.Qc3!?} (28. Qc3 $5 Qc6 (28... Nd3 29. e6 Nxb2
30. Qf6 $1 Bd5 (30... Rb8 31. exf7+ Qxf7 32. Be6 $18) 31. e7 Ra8 32. Rc7 Qb5
33. h5 $18) (28... Ne6 29. Qe3 $16) 29. Kh2 Qf3 30. Qxf3 Bxf3 31. Rc2 Bd1 32.
Rc4 Rd2 33. Bd4 $16) 28... Qc6 (28... Nxe6 29. Bxe6 Qxe6 30. Qc3 f6 (30... Kf8
31. Qh8+ Ke7 32. Rc7+ Rd7 33. Ba3+ $18) 31. Qxf6 Qxf6 32. Bxf6 Rd2 $14) 29.
exf7+ Kf8 (29... Kxf7 30. Qf4+ Kg8 31. Kh2 $16) 30. Kh2 Qf3 31. Bd4 Kxf7 32.
Be3 {Novikov saw no reason to give up the sweet plus of the bishop pair.} (32.
Bxc5 Rc8 (32... bxc5 33. Qc4+ Kg7 34. Qxc5 $18) 33. Qc4+ Bd5 34. Qf1 Rxc5 35.
Rxc5 bxc5 36. Bg2 Qf5 37. Bxd5+ Qxd5 38. Qa6 $18) 32... Rd1 (32... Re8 33. Qd4
$16) 33. Rxd1 Qxd1 34. Qf4+ Kg8 (34... Ke8 35. Qb8+ Kf7 36. Bg2 Bxg2 37. Kxg2
$18) 35. Qb8+ Kf7 36. Qc7+ Ke8 (36... Kf6 $2 37. Bg5#) 37. Bg2 Bxg2 38. Kxg2
Qd5+ 39. Kh2 Nd7 (39... Qd7 40. Qe5+ $18) 40. Bg5 $1 {This fine move prevents
dangerous jump of black's knight to the center.} (40. Qxa7 Ne5 41. Bxb6 Nf3+
42. Kg2 Nxh4+ 43. Kh3 Nf3 44. Qb8+ Kf7 45. Qc7+ $18) 40... Kf7 41. Qxa7 Ke6 42.
Bf4 h6 (42... Qf3 43. Be3 $18) 43. Qa6 g5 44. Qe2+ Kf6 (44... Kf5 45. hxg5 hxg5
46. Qh5 $18) 45. Qh5 1-0

[Event "Zhong Hong Real Estate Cup"]
[Site "Beijing"]
[Date "2001.07.30"]
[Round "11"]
[White "Wu, Wenjin"]
[Black "Wang, Zili"]
[Result "1/2-1/2"]
[WhiteElo "2560"]
[BlackElo "2557"]
[Annotator "Ftacnik,L"]
[PlyCount "78"]
[EventDate "2001.07.20"]
[EventType "tourn"]
[EventRounds "11"]
[EventCountry "CHN"]
[EventCategory "10"]
[SourceTitle "CBM 085"]
[Source "ChessBase"]
[SourceDate "2001.11.13"]
[SourceVersion "1"]
[SourceVersionDate "2001.11.13"]
[SourceQuality "1"]

1. Nf3 c5 2. c4 Nf6 3. Nc3 e6 4. g3 b6 5. Bg2 Bb7 6. O-O Be7 7. Re1 d5 8. cxd5
exd5 9. d4 O-O 10. Bf4 Nbd7 11. a3 Ne4 12. Rc1 Ndf6 13. Ne5 Re8 14. dxc5 (14.
Qb3 Nxc3 15. Qxc3 Bd6 $11) 14... Nxf2 $6 {[%mdl 512] Thunder from the blue
heaven, the idea is very spirited but not without flaws.} (14... bxc5 15. Nxe4
Nxe4 $11) 15. Kxf2 Bxc5+ 16. e3 (16. Kf1 g5 (16... Rxe5 $2 17. Bxe5 Ng4 18. e3
Nxe3+ (18... Nxe5 19. b4 Bd6 20. Nxd5 $16) 19. Rxe3 Bxe3 20. Qg4 f6 21. Bc7
Qxc7 22. Qe6+ Qf7 23. Qxe3 $18) 17. Nxf7 (17. Bxg5 Rxe5 18. Bf4 Ng4 $17) 17...
Kxf7 18. Bxg5 Re5 19. Qd2 Rf5+ 20. Bf3 d4 $11) 16... g5 17. Nxf7 (17. Bxg5 Rxe5
18. Bf4 Re6 19. Qd3 $14) 17... Kxf7 18. Bxg5 h6 19. Bf4 (19. Bxf6 Qxf6+ 20. Qf3
Rad8 21. b4 $16) (19. Bh4 $5 Rc8 20. Qa4 $16) (19. Bxh6 $2 Rh8 20. Bg5 Rxh2 21.
Rf1 d4 22. Ke1 Bxg2 $17) 19... Qd7 20. Kg1 (20. b4 Bxe3+ (20... Be7 21. Qd4 $16
) 21. Bxe3 Ng4+ 22. Kg1 Nxe3 23. Qf3+ Kg7 24. Rxe3 d4 25. Qxb7 Qxb7 26. Bxb7
Rxe3 27. Bxa8 $18) 20... d4 21. Bxb7 (21. exd4 $2 Bxd4+ 22. Kh1 Rxe1+ 23. Qxe1
Bxg2+ 24. Kxg2 Qb7+ 25. Kh3 Qc8+ $11) 21... Qxb7 22. Qb3+ $2 {White misses the
chance to punish the opponent for his daring play with 21.Nb5!} (22. Nb5 $1
Rad8 23. exd4 Rxe1+ 24. Qxe1 Rxd4 25. Nxd4 Bxd4+ 26. Be3 Bxb2 27. Rd1 $18)
22... Kg7 23. Na4 (23. Nb5 dxe3 24. Bxe3 Rxe3 25. Rxe3 Qd5 26. Rxc5 Qxc5 27.
Qc3 Qxb5 28. Re7+ Kg6 29. Qc2+ Kh5 30. Qd1+ Kg6 31. Qc2+ $11) 23... Qd5 24.
Nxc5 bxc5 25. Qxd5 (25. Qb5 Rac8 26. Qa6 $16) 25... Nxd5 26. exd4 $6 {Another
weak move will give black final break and a fair chance to save the game.} (26.
e4 $1 Nxf4 27. gxf4 Rac8 28. Rc4 $16) 26... Nxf4 27. Rxe8 (27. gxf4 cxd4 28.
Rc7+ Kf6) 27... Rxe8 28. gxf4 cxd4 29. Rc7+ Kf6 30. Rxa7 (30. Rc6+ Kf5 31. Rd6
Ke4 $11) 30... Kf5 31. Kf2 (31. Rd7 Ke4 32. f5 Rg8+ 33. Kh1 Rf8 34. Rd6 Rxf5
$11) 31... Kxf4 32. Rf7+ (32. Rd7 Ke4 33. Ke2 Rb8 34. b4 Ra8 $11) 32... Ke4 33.
Ke2 Rb8 34. b4 Rc8 35. Re7+ Kd5 36. a4 (36. Kd2 Rc3 $11) 36... Rc2+ 37. Kd3
Rc3+ 38. Kd2 Ra3 39. a5 Kc4 1/2-1/2

[Event "Interzonal-15"]
[Site "Manila"]
[Date "1990.??.??"]
[Round "4"]
[White "Lputian, Smbat G"]
[Black "Dzindzichashvili, Roman"]
[Result "1-0"]
[WhiteElo "2575"]
[BlackElo "2560"]
[Annotator "Ftacnik,L"]
[PlyCount "87"]
[EventDate "1990.06.29"]
[EventType "swiss"]
[EventRounds "13"]
[EventCountry "PHI"]
[SourceTitle "CBM 019"]
[Source "ChessBase"]
[SourceDate "1990.12.01"]
[SourceVersion "1"]
[SourceVersionDate "1990.12.01"]
[SourceQuality "1"]

1. d4 Nf6 2. Nf3 e6 3. c4 b6 4. g3 Bb7 5. Bg2 Be7 6. O-O O-O 7. d5 exd5 8. Nh4
c6 9. cxd5 cxd5 10. Nc3 (10. Nf5 $6 Ne4 $13) 10... Na6 (10... g6 11. Nxd5 Nxd5
12. Bxd5 Bxd5 13. Qxd5 {/\ Nf3+/=}) 11. Nf5 Nc7 12. Bf4 d6 13. Re1 (13. e4 $6
Ne6 $8 14. exd5 Nxf4 15. gxf4 Re8 $13) 13... Re8 (13... Ne6 14. Be3 Nc7 15. Rc1
$14) 14. Rc1 $1 $14 (14. e4 $6 Ne6 (14... Nxe4 $5 15. Nxe4 dxe4 16. Bxe4 Bxe4
17. Rxe4 Ne6 $10) 15. Nxe7+ $6 Rxe7 16. Bxd6 Rd7 (16... Qxd6 $6 17. e5 $14) 17.
e5 Ne8 18. Ba3 d4 $15) 14... Bf8 (14... Rc8 15. Qa4 $1 $14) 15. Ne3 Qd7 (15...
Rc8 16. Qa4 (16. Ncxd5 Ncxd5 17. Rxc8 Qxc8 18. Nxd5 Nxd5 19. Bxd5 Bxd5 20. Qxd5
Qc5 $14) 16... a6 17. Rcd1 $16) 16. Nexd5 Ncxd5 17. Nxd5 Nxd5 18. Bxd5 Bxd5 $2
(18... Rac8 19. b3 Rc5 (19... Rxc1 20. Bxc1 {/\ Ba3+/-}) 20. Bxb7 Qxb7 21. Qd2
{/\ Be3+/=}) 19. Qxd5 $16 {Lputian,S} Rac8 20. e4 g6 21. b3 a6 22. Red1 $1 Re6
23. Rxc8 Qxc8 24. Rc1 Qe8 25. f3 $18 h6 26. h4 Qd8 27. Rc6 Re8 28. Kg2 Qf6 29.
Qd2 Qd8 30. a4 h5 31. Qd3 Qd7 32. Rxb6 Rc8 33. Rxa6 Qb7 34. Ra5 Qb4 $138 35.
Bd2 Qa3 36. Ra7 $6 Rb8 37. Qd5 Qxb3 38. Qxb3 Rxb3 39. Bf4 Rb2+ 40. Kh3 Ra2 41.
a5 Ra3 42. Ra8 Kg7 43. Rxf8 Rxa5 44. Rd8 1-0

[Event "NED-chT 0102 playoff"]
[Site "Enschede"]
[Date "2002.05.09"]
[Round "1.8"]
[White "Straub, Natalia"]
[Black "Kosashvili, Yona"]
[Result "0-1"]
[WhiteElo "2373"]
[BlackElo "2535"]
[Annotator "Ftacnik,L"]
[PlyCount "68"]
[EventDate "2002.05.09"]
[EventType "team-k.o."]
[EventRounds "2"]
[EventCountry "NED"]
[SourceTitle "CBM 089"]
[Source "ChessBase"]
[SourceDate "2002.08.12"]
[SourceVersion "1"]
[SourceVersionDate "2002.08.12"]
[SourceQuality "1"]
[WhiteTeam "ING/ESGOO Enschede"]
[BlackTeam "Hilversum HSG"]
[WhiteTeamCountry "NED"]
[BlackTeamCountry "NED"]

1. d4 Nf6 2. c4 e6 3. Nf3 b6 4. g3 Bb7 5. Bg2 Be7 6. O-O O-O 7. d5 exd5 8. Nh4
c6 9. cxd5 Nxd5 10. Nf5 Nc7 11. e4 d5 12. Nc3 Nba6 13. Re1 Bf6 14. e5 Bg5 {
[%mdl 4] Equalizing for black is not that easy, white has quite a compensation
for the sacrificed pawn.} 15. Qg4 Ne6 16. f4 h5 (16... Nb4 $6 17. fxg5 Nc2 18.
Bd2 Nxa1 19. Rxa1 $14) (16... Be7 17. Nh6+ Kh8 18. Nxf7+ Rxf7 19. Qxe6 Qf8 20.
Qg4 Nb4 $13) 17. Qd1 (17. Qxh5 $1 g6 18. Qh3 gxf5 19. fxg5 Nb4 20. Rd1 Nc2 21.
Rb1 Ncd4 22. Qh6 Qc7 23. Bf4 $14) 17... Be7 18. Nxe7+ (18. Qxh5 Bc5+ 19. Be3 g6
20. Qg4 Bc8 $13) 18... Qxe7 19. Qxh5 f5 20. exf6 (20. Bh3 Qf7 $11) 20... Qxf6
21. Bd2 (21. Be3 Nac5 22. Rad1 $14) 21... Nac5 22. Bh3 Nd4 23. Rf1 $6 (23. Rab1
Bc8 $11) 23... Rae8 24. Rae1 g6 $6 {Both sides are blind to the dangerous line
for white starting with 24...Rxe1!} (24... Rxe1 $1 25. Rxe1 (25. Bxe1 Ba6 26.
Rf2 Nd3 $17) 25... g6 26. Qd1 Nd3 $17) 25. Qd1 Ba6 (25... Rxe1 26. Bxe1 Ba6 27.
Bf2 $11) 26. Rxe8 Rxe8 27. Re1 Rxe1+ (27... Rd8 28. Bc1 Nd3 29. Re3 $13) 28.
Bxe1 Nd3 29. Bf2 (29. Bg2 $2 Nxb2 30. Qd2 Nd3 $17) 29... Nf5 30. Qd2 (30. Qa4
$5 Bc8 31. Nd1 Nxf2 32. Nxf2 a5 33. Nd3 $14) 30... Qe7 (30... Nd6 31. Bg2 d4
32. Ne4 Nxe4 33. Bxe4 Nxf2 34. Qxf2 c5 $15) 31. Bf1 (31. Bxf5 gxf5 32. a3 Nxf2
33. Kxf2 Qc5+ 34. Kg2 d4 $17) 31... Nxf2 32. Bxa6 (32. Qxf2 Bxf1 33. Qxf1 Qe3+
34. Kg2 d4 $15) 32... Ng4 33. Be2 $4 {A heavy blunder looses on the spot as
white king has lost the defender.} (33. Nd1 Nf6 $11) 33... Qc5+ 34. Kg2 Qf2+
0-1

[Event "London Simpsons 175th"]
[Site "London"]
[Date "2003.08.25"]
[Round "1"]
[White "Speelman, Jonathan S"]
[Black "King, Daniel J"]
[Result "1-0"]
[WhiteElo "2589"]
[BlackElo "2503"]
[Annotator "Ftacnik,L"]
[PlyCount "89"]
[EventDate "2003.08.25"]
[EventType "tourn"]
[EventRounds "1"]
[EventCountry "ENG"]
[EventCategory "10"]
[SourceTitle "CBM 097"]
[Source "ChessBase"]
[SourceDate "2003.11.11"]
[SourceVersion "1"]
[SourceVersionDate "2003.11.11"]
[SourceQuality "1"]

{[%mdl 2]} 1. Nf3 e6 2. g3 b6 3. Bg2 Bb7 4. O-O Nf6 5. c4 Be7 6. Nc3 O-O 7. Re1
d5 8. cxd5 exd5 9. d4 Na6 10. Bf4 c5 11. Rc1 Ne4 12. a3 Bf6 13. Be5 Re8 14. e3
cxd4 {King is reducing the tension in the center, but his knight on a6 still
needs time to get into play.} 15. Bxf6 Qxf6 16. exd4 Rac8 (16... Nxc3 17. Rxc3
Re4 18. Ne5 $14) 17. Nxe4 dxe4 (17... Rxe4 18. Rxc8+ Bxc8 19. Rxe4 dxe4 20. Qc2
Bf5 21. Nh4 Be6 22. Qxe4 Nc7 23. Qe5 $16) 18. Rxc8 Rxc8 (18... Bxc8 19. Ne5 Bf5
20. Bxe4 Bxe4 21. Rxe4 $16) 19. Ne5 Qf5 (19... Rd8 20. Qa4 (20. Bxe4 Bxe4 21.
Rxe4 Nc5 22. Re3 Ne6 23. Rd3 $16) 20... Qf5 21. Bf1 Qc8 22. Bc4 Kf8 23. Bxf7 b5
24. Qxb5 Rxd4 25. b4 $16) 20. Qb1 {The pawn on e4 is practically lost, black
will be hard pressed to find some compensation.} g6 (20... Nc5 21. dxc5 (21. b4
Ne6 22. Bxe4 Bxe4 23. Qxe4 Qxe4 24. Rxe4 f5 25. Re3 Nxd4 26. Rd3 Rd8 27. Kg2
$14) 21... Qxe5 22. cxb6 axb6 23. Bxe4 Bxe4 24. Qxe4 $16) (20... Re8 21. f3 Qe6
22. fxe4 f6 23. Nd3 Qd6 24. d5 $16) (20... f6 $2 21. Qa2+ $18) 21. Bxe4 (21. f3
exf3 22. Qxf5 gxf5 23. Bxf3 Bxf3 24. Nxf3 Kf8 25. Kf2 $16) 21... Bxe4 22. Rxe4
Nc7 $2 {[%mdl 256] This boarders on negligence, since black will lose second
pawn by force.} (22... Nb8 23. Qd3 Nd7 24. Re1 Qxd3 25. Nxd3 Rc4 26. Re4 $16)
23. Nc6 $1 Nd5 24. Nxa7 Ra8 25. Nc6 Rc8 26. Nb4 $2 {Horribly simplistic, since
Speelman could have done much better with his two extra pawns.} (26. Ne5 f6 27.
Ng4 Kg7 28. Qe1 $16) 26... Nf6 (26... Nxb4 $1 27. axb4 Qd5 28. b3 (28. Qe1 Rc4
29. Qe3 Rxb4 30. Re8+ Kg7 31. Qe7 Rxd4 32. Qf8+ Kf6 $11) 28... Rc3 29. Re8+ Kg7
30. Qe1 (30. Qe4 Qxe4 31. Rxe4 Rxb3 32. d5 Rd3 33. Re5 Rb3 $11) 30... Rxb3 31.
Re4 $14) 27. Re1 Qh3 28. f3 Nh5 29. Qe4 Nxg3 30. Qg4 (30. hxg3 Qxg3+ 31. Kf1
Qh3+ 32. Ke2 Qg2+ 33. Kd1 Qxb2 34. Nc2 $18) 30... Ne2+ {Black is refusing to
lose politely in a difficult knight endgame and prefers wild ride without the
piece.} (30... Qxg4 31. fxg4 Rc1 32. Rxc1 Ne2+ 33. Kf2 Nxc1 34. Ke3 Nb3 35. Nd5
b5 36. g5 $18) 31. Rxe2 (31. Kh1 Qxg4 32. fxg4 Nxd4 $11) 31... Rc1+ 32. Kf2
Qf1+ (32... Qxh2+ 33. Ke3 Qd6 34. Qe4 $18) 33. Ke3 h5 (33... Rc7 34. Nd5 Qc1+
35. Kf2 $18) 34. Qg3 $6 {Not so bad, but 34.Qg2! was winning by force and
should have been preferred.} (34. Qg2 $1 Qd1 35. Nc2 Kf8 36. Rd2 $18) 34... Qd1
35. Nd3 Rc8 36. Qe5 Qg1+ 37. Kd2 Rd8 (37... Qb1 38. Qb5 Rc2+ 39. Ke3 Qg1+ 40.
Rf2 Kh7 41. d5 $18) 38. Qe3 Qb1 39. Re1 Qa2 40. Qe7 Rxd4 41. Qe8+ Kh7 42. Re7
Kg7 (42... Qxb2+ 43. Ke3 Rxd3+ 44. Kxd3 Qxa3+ 45. Ke2 Qb2+ 46. Ke3 Qc3+ 47. Kf2
Qc5+ 48. Re3 Qc2+ 49. Kg3 $18) 43. Ke3 Rh4 44. Re4 Rh3 45. Qd7 1-0

[Event "RUS-chT 09th Group2"]
[Site "Ekaterinburg"]
[Date "2002.05.19"]
[Round "3"]
[White "Akopian, Vladimir Eduardovic"]
[Black "Ulybin, Mikhail"]
[Result "1-0"]
[WhiteElo "2678"]
[BlackElo "2576"]
[Annotator "Ftacnik,L"]
[PlyCount "61"]
[EventDate "2002.05.17"]
[EventType "team-tourn"]
[EventRounds "7"]
[EventCountry "RUS"]
[SourceTitle "CBM 090"]
[Source "ChessBase"]
[SourceDate "2002.09.20"]
[SourceVersion "1"]
[SourceVersionDate "2002.09.20"]
[SourceQuality "1"]
[WhiteTeam "Kazan Ladya"]
[BlackTeam "Nizhny Tagil Politekhnik"]
[WhiteTeamCountry "RUS"]
[BlackTeamCountry "RUS"]

1. Nf3 c5 2. c4 Nf6 3. g3 b6 4. Bg2 Bb7 5. O-O e6 6. Nc3 Be7 7. Re1 d5 8. cxd5
exd5 9. d4 O-O 10. Bf4 Na6 11. Ne5 Ne4 12. Nxe4 dxe4 13. dxc5 Nxc5 14. Qc2 (14.
Rc1 Qe8 15. Nc4 Rd8 16. Qc2 Qc6 17. Be3 Qe6 18. Nd2 Rc8 19. Qb1 f5 20. Bxc5
Bxc5 21. Nb3 Bd6 22. Nd4 Qf6 23. e3 Bd5 24. Rxc8 Rxc8 25. Rd1 g6 26. Bf1 a6 {
1/2-1/2 Timman,J-Gavrikov,V/Biel 1995/ (26)}) 14... Rc8 $6 {The first step in
dubious direction, as 14...Qc8 seems to be solving all problems for black.} (
14... Qc8 15. h4 (15. Red1 g5 16. Be3 Qe6 17. Nc4 Rac8 18. b3 h6 19. Bd4 Bd5
20. Bb2 Rfd8 21. Rac1 b5 22. Qc3 f6 23. Ne3 Nxb3 24. Qxc8 Rxc8 25. Rxc8+ Qxc8
26. Rxd5 {1/2-1/2 Van Wely,L-Kortschnoj,V/Hoogeveen 2001/ (35)}) 15... Ne6 16.
Bxe4 Qxc2 17. Bxc2 Bxh4 18. Bb3 Bf6 19. Rad1 Rfd8 20. Rxd8+ Rxd8 21. Rc1 g5 22.
Bxe6 fxe6 23. Ng4 Bxb2 24. Bxg5 Bxc1 25. Bxd8 Kf7 {0-1 Petrosian,A-Kudriashov,
A/Moscow 1981/ (36)}) 15. Red1 Qe8 (15... Nd3 16. Qb1 Nxf4 17. Rxd8 Nxe2+ 18.
Kf1 Rfxd8 19. Kxe2 (19. Bxe4 Rc1+ 20. Qxc1 Nxc1 21. Bxb7 Rd1+ 22. Kg2 Bf6 $15)
19... Ba6+ (19... Bd6 20. Bh3 Rc7 21. Nd7 Bc6 22. Kf1 $16) 20. Ke3 Bg5+ 21.
Kxe4 f6 22. f4 Bb7+ 23. Ke3 Bxg2 24. Ng4 $1 $16) (15... Bd5 16. Rd2 f6 17. Qd1
fxe5 18. Rxd5 $16) 16. Bh3 Ne6 (16... Rd8 17. b4 (17. Rxd8 Bxd8 18. Nc4 Qc6 19.
Nd6 $14) 17... Qa4 18. Qxa4 Nxa4 19. Rxd8 Rxd8 20. Rc1 Bxb4 21. Nxf7 Kxf7 22.
Rc7+ Kf6 23. Rxb7 Nc3 24. Bg4 Nxa2 25. Rxa7 $11) 17. Qb3 (17. Qb1 f5 $15) 17...
Nc5 (17... Nxf4 18. gxf4 (18. Bxc8 $2 Nxe2+ 19. Kf1 Bxc8 20. Kxe2 Be6 21. Nc4
b5 $17) 18... Rc7 19. Nd7 $16) 18. Qa3 Na6 (18... Ra8 19. b4 f6 20. Nc4 Na6 21.
Qb3 Qf7 22. Nd6 Qxb3 23. axb3 Bxd6 24. Bxd6 $16) 19. Qe3 f5 (19... Bc5 20. Qb3
e3 (20... Rd8 21. Rd7 (21. Nd7 Bc8 22. Qa4 e3 $13) 21... Rxd7 22. Nxd7 Bc8 23.
Rd1 $16) 21. fxe3 g5 22. Ng4 Qc6 23. Bxg5 $18) 20. g4 $5 fxg4 $2 {Ulibin is
missing his big chance to arrest dagerous development of opening the position
for white's bishops with timely 20...Bf6!} (20... Bf6 $1 21. Nd7 (21. Qb3+ Kh8
22. Nd7 Nc5 23. Nxc5 Rxc5 24. Bd6 Rb5 25. Qe3 Rg8 $15) (21. Qg3 g5 22. gxf5 Kh8
23. Ng6+ hxg6 24. Bxg5 Rc6 $17) 21... Bxb2 22. Rab1 Rf7 23. Rxb2 Rxd7 24. Rxd7
Qxd7 25. Rd2 (25. gxf5 Qd1+ 26. Kg2 Rc1 27. Kg3) 25... Qf7 26. gxf5 $11) 21.
Bxg4 Bc5 (21... Rd8 22. Nd7 Qg6 23. Qg3 Bc8 24. Nxf8 Rxd1+ 25. Rxd1 Qxg4 26.
Qxg4 Bxg4 27. Nd7 $16) 22. Qg3 Rc7 23. Nd7 $1 Rf7 24. Nxc5 (24. Bxc7 Bxf2+ 25.
Qxf2 Rxf2 26. Kxf2 Nxc7 $15) 24... Rxc5 25. Rd6 $1 {[%mdl 128] Akopian plays
the attack with great efficiency, each move comes with some blow for black.}
Bc8 (25... Nc7 26. Rad1 Rd5 (26... Bd5 27. Bh5 $18) 27. Bh5 Rxd1+ 28. Rxd1 g6
29. Bxc7 $18) 26. Rad1 Rf8 (26... Bxg4 27. Rd8 $18) 27. Bxc8 Rxc8 (27... Qxc8
28. Rd7 g6 29. Qh3 $18) 28. Be5 Rf7 (28... g6 29. Qb3+ Rf7 30. Qh3 $1 Rf5 (
30... Ra8 31. Rxg6+ $18) 31. Bf6 $18) 29. Qg5 h6 (29... Re7 30. Bf6 (30. Re6
Rcc7 31. Bxc7 Rxe6 32. Rd8 Nxc7 33. Rxe8+ Nxe8 34. Qf5 $16) 30... Rf7 31. Rd8
$18) 30. Rxh6 Rc5 31. Qh5 $1 (31. Qh5 $1 gxh6 32. Qg6+ Kf8 33. Qxh6+ Ke7 34.
Qd6#) 1-0

[Event "WchT 3rd"]
[Site "Luzern"]
[Date "1993.??.??"]
[Round "3.3"]
[White "Romanishin, Oleg M"]
[Black "Rodriguez Cespedes, Amador"]
[Result "1-0"]
[WhiteElo "2615"]
[BlackElo "2490"]
[Annotator "Ftacnik,L"]
[PlyCount "53"]
[EventDate "1993.10.24"]
[EventType "team-tourn"]
[EventRounds "9"]
[EventCountry "SUI"]
[SourceTitle "CBM 038"]
[Source "ChessBase"]
[SourceDate "1994.02.01"]
[SourceVersion "1"]
[SourceVersionDate "1994.02.01"]
[SourceQuality "1"]
[WhiteTeam "Ukraine"]
[BlackTeam "Cuba"]
[WhiteTeamCountry "UKR"]
[BlackTeamCountry "CUB"]

1. d4 Nf6 2. Nf3 e6 3. g3 b6 4. Bg2 Bb7 5. c4 Be7 6. Nc3 O-O (6... Ne4) 7. d5
$1 Bb4 8. O-O $5 (8. Bd2 {Karpov,An-Ivanchuk,V/Linares/1993/}) 8... Na6 $6 (
8... Bxc3 9. bxc3 exd5 10. Nh4 c6 11. cxd5 Nxd5 $13) 9. Nh4 c6 $5 (9... Bxc3
10. bxc3 Nc5 $14) 10. d6 $1 Qb8 (10... Ne8 11. Ne4 f5 12. Bg5 $1 Qb8 13. a3
Bxd6 (13... c5 14. axb4) (13... fxe4 14. axb4 {/\ Be7}) 14. Nxd6 Qxd6 15. Qc2
$1 (15. Qxd6 Nxd6 16. Be7 Nxc4 17. Rfd1 (17. Bxf8 Rxf8 $14) 17... Nxb2 18. Rxd7
$14) 15... Nf6 (15... Qc7 16. e4 $1) 16. Rad1 Qc7 17. Bf4 e5 18. Bg5 g6 19.
Nxf5 gxf5 20. Qxf5 Qd8 21. Rd6 $16) 11. Bf4 Nh5 (11... Ne8 12. Ne4 f5 13. a3)
12. Be5 f6 13. a3 $1 Bc5 $2 (13... fxe5 14. axb4 Nxb4 $16) 14. e3 $1 g6 (14...
fxe5 15. Qxh5 Qxd6 16. Be4 $18) 15. g4 $1 Ng7 16. Bg3 Ne8 17. Ne4 e5 18. g5 $1
Bxd6 (18... fxg5 19. Nxg5 Bxd6 (19... Qxd6 20. b4 Qxd1 21. Rfxd1 Bd6 22. Ne4
Bc7 23. Rxd7 $16) 20. Qc2 {/\ Nh7, Ng6}) 19. gxf6 Nc5 20. Nxd6 Qxd6 21. b4 Ne6
22. Qxd6 Nxd6 23. Rfd1 $1 Nxc4 24. Rxd7 Bc8 (24... Rab8 25. Bf1 b5 26. Bxc4
bxc4 27. Bxe5 $18) 25. Re7 Rxf6 (25... Nd8 26. b5 $1 Rxf6 27. bxc6 Nxc6 28. Rc7
N4a5 29. Rc1 Bb7 30. Rxb7 Nxb7 31. Bxc6 $18) 26. Bxc6 Rb8 27. Bd5 $1 1-0